00987cam a22002657a 4500001001000000003000500010005001700015008004100032010001000073011001000083020001500093035001000108040000900118100003100127245013600158260011800294300003000412410006200442490003500504650003900539650002700578650001900605810006200624830003500686000079542CHAP20220329142005.0981126d1994 mx a r 00110 spa d a76719 a77691 a9688391832 a87362 cCHAP00aZárate Zárate, Rafael.10aEstado de la degradación de la tierra inducida por el hombre :bun manual para su cartografía /c/por Rafael Zárate Zárate. aMontecillo, Méx. :bColegio de Postgraduados. Instituto de Recursos Naturales. Programa de Edafología,c1994. a79 p. :bilus. ; cuadros.21aColegio de Postgraduados. Instituto de Recursos Naturales1 aCuaderno de edafologíav; 2414aErosiónxPrevención y control.14aSuelosxDegradación.14aSuelosxMapas.00aColegio de Postgraduados. Instituto de Recursos Naturales0 aCuaderno de edafologíav; 24